| 000 | 00795nam a22002537a 4500 | ||
|---|---|---|---|
| 999 |
_c15144 _d15144 |
||
| 003 | AR-CdUCM | ||
| 008 | 190426b ||||| |||| 00| 0 spa d | ||
| 020 | _a978-84-9101-195-8 | ||
| 040 |
_aMUNICIPALIDAD PROVINCIAL DEL CUSCO _cBIBLIOTECA MUNICIPAL DEL CUSCO |
||
| 082 |
_aPI / 376.12 / A83 _bA83 |
||
| 110 |
_aEditions Caramel _951044 |
||
| 245 |
_aLos animales de la granja : _bEl Mundo Animal / |
||
| 260 |
_aEspaña : _bEdición Española C.C. Asturias S.L. _c2006 |
||
| 300 |
_a8 páginas. : _bIlustraciones _c27x20 cm. |
||
| 505 | _aAnimales de granja | ||
| 650 |
_aAsno _951045 |
||
| 650 |
_aGallina _951051 |
||
| 650 |
_aPato _951046 |
||
| 650 |
_aObeja _951047 |
||
| 650 |
_aChivo _951052 |
||
| 856 | _fwww.comicsycuentos.com | ||
| 942 |
_2ddc _cLIBROS |
||
| 945 |
_apbjr _d24-02-2025 |
||